50 najczęściej odwiedzanych stron w Polsce - Statystyki

Ogólne statystyki
  • Ten quiz został rozwiązany 1 251 razy
  • Średni wynik to 11 z 50
Statystyki odpowiedzi
Strona % Poprawnych
3. facebook.com
86%
2. youtube.com
85%
7. onet.pl
67%
1. google.com
66%
10. instagram.com
66%
6. wp.pl
63%
14. pornhub.com
60%
19. twitter.com
49%
5. allegro.pl
46%
9. interia.pl
46%
8. olx.pl
37%
44. redtube.com
37%
4. google.pl
34%
21. netflix.com
30%
12. o2.pl
28%
31. pudelek.pl
20%
13. otomoto.pl
19%
23. cda.pl
18%
15. gazeta.pl
18%
11. wikipedia.org
18%
25. xnxx.com
18%
20. filmweb.pl
16%
30. wykop.pl
16%
28. aliexpress.com
15%
27. tvn24.pl
15%
26. xvideos.com
15%
17. ceneo.pl
11%
50. reddit.com
11%
18, librus.pl
10%
32. wyborcza.pl
10%
29. xhamster.com
10%
22. mbank.pl
9%
41. booking.com
7%
34. fakt.pl
6%
16. ipko.pl
6%
45. flashscore.pl
5%
47. otodom.pl
5%
46. pinterest.com
5%
40. money.pl
3%
35. ingbank.pl
2%
49. joemonster.org
2%
36. pekao24.pl
2%
43. plejada.pl
2%
48. pomponik.pl
2%
24. centrum24.pl
1%
39. datezone.com
1%
42. naszemiasto.pl
1%
38. sport.onet.pl
1%
33. vk.com
1%
37. vulcan.net.pl
1%
Nie znaleziono quizów pasujących do podanych kryteriów
Rozkład punktacji
Procent ludzi z każdym wynikiem
Percentyl według liczby udzielonych odpowiedzi
Twoja historia wyników
Nie rozwiązałeś tego quizu